Konferencia o zvyšovaní zhodnocovania výobkov z dreva

Bibliographic Details
Format: Article
Language:Slovak
ISSN:0012-6144
Subjects:

MARC

LEADER 00000nab a2200000 a 4500
001 vtls000612434
003 SK-MaSNL
005 20260304094308.0
008 250425c1997 xo 0 slo
015 |a SNBRB19rr/mm-uuuuu 
035 |a CL0612573 
035 |a urn:nbn:sk:snk-abf2xq 
035 |a (urnnbn)urn:nbn:sk:snk:ar-005am3 
035 |a (uuid)d73f18ef-7a15-4336-b517-34d33014a34e 
040 |a SNKBUCL  |b slo  |c SNKBUCL  |e AACR2 
041 0 |a slo 
044 |a xo  |c SK 
080 |a 630 8(437.6):061.3  |2 1981 
080 |a 674(437.6)  |2 1981 
080 |a 684(437.6)  |2 1981 
080 |a 676(437.6)  |2 1981 
245 0 0 |a Konferencia o zvyšovaní zhodnocovania výobkov z dreva 
650 0 7 |a drevo  |2 snkbucl  |9 3560 
655 7 |a články z novín a časopisov  |2 snkbucl  |9 267496 
773 0 |t Drevo  |g Roč. 52, č. 1 (1997), s. 3-4  |x 0012-6144 
850 |a Slovenská národná knižnica 
852 |a Slovenská národná knižnica 
954 |a odborná, vedecká literatúra pôvodná (slovenská)  |2 lita 
958 |a article27 
958 |a SK 
958 |a RK 
958 |a OND 
958 |a EUIPO 
992 |a RBX 
999 |c 2826523  |d 2828453